| 000 | 00571nam a2200193Ia 4500 | ||
|---|---|---|---|
| 003 | GCL | ||
| 005 | 20240530103252.0 | ||
| 008 | 140319s9999 xx 000 0 ara d | ||
| 040 |
_aGCL / _cGCL |
||
| 082 | 0 | 4 |
_a327.11 _bل ع |
| 100 | _4لطفى الخولى | ||
| 245 | 1 | 0 |
_aعرب نعم وشرق اوسطيون ايضا / _cلطفى الخولى |
| 300 | _a192 ص | ||
| 650 | 0 | 4 | _aالعالم العربى |
| 650 | 0 | 4 | _aالشرق الاوسط |
| 650 | 0 | 4 | _aالقومية العربية |
| 650 | 0 | 4 | _aمصر - الاحوال السياسية |
| 942 |
_2ddc _cBK |
||
| 999 |
_c38027 _d38027 |
||